Εργαστηριακές σημειώσεις χημικής ωκεανογραφίας

Αποθηκεύτηκε σε:
Λεπτομέρειες βιβλιογραφικής εγγραφής
Κύριος συγγραφέας: Σκούλλος, Μιχαήλ Ι.
Άλλοι συγγραφείς: Δασενάκης, Εμμανουήλ
Μορφή: Βιβλίο
Γλώσσα:Greek
Δημοσίευση: Αθήνα : Εθνικό και Καποδιστριακό Πανεπιστήμιο Αθηνών, Χημικό Τμήμα, 1988
Θέματα:
Ετικέτες: Προσθήκη ετικέτας
Δεν υπάρχουν, Καταχωρήστε ετικέτα πρώτοι!

MARC

LEADER 00000nam a2200000 i 4500
001 1/102815
008 950510s1988 gre d
035 |l 10012652 
040 |a GR-MY-UA  |b gre  |e aacr 
041 0 |a gre 
082 0 |a 551.46 
100 1 |a Σκούλλος, Μιχαήλ Ι. 
245 1 0 |a Εργαστηριακές σημειώσεις χημικής ωκεανογραφίας /  |c Μ. Ι. Σκούλλου, Μ. Δασενάκη 
260 |a Αθήνα :   |b Εθνικό και Καποδιστριακό Πανεπιστήμιο Αθηνών, Χημικό Τμήμα,   |c 1988 
300 |a 99 σ.  |b σχ. 
650 0 0 |a Oceanography  |x Study and teaching. 
700 1 |a Δασενάκης, Εμμανουήλ. 
852 |a INST  |b LESVOS  |e 19950510  |h 551.46 ΣΚΟ  |p 005100001140  |q 005100001140  |t BK  |y 0 
852 |a INST  |b LESVOS  |e 19950510  |h 551.46 ΣΚΟ  |p 005100001141  |q 005100001141  |t BK  |y 0 
909 |a Λ  |b 013942 
922 |a 1ΔΩΡ  |b 198803